000 00667nam a2200217 u 4500
005 20240314063655.0
008 121016s2007 ch r 000 0 spa d
020 _a9789568623241
035 _aUPN01000187561
049 _aI
050 4 _aPZ75
_bE7.7
245 0 0 _aEstoy triste /
_ced. Karyna Farías Marcone ; il. Mauricio Cerecera Jara.
260 _aSantiago de Chile :
_bCal y Canto,
_cc2007.
300 _a16 p. :
_bil. col.
440 0 _aCuentos para mí
650 4 _aCUENTOS INFANTILES CHILENOS
_911282
650 4 _aMuerte
_vLiteratura infantil
_921320
700 1 _aFarías Marcone, Karyna,
_eed.
_933243
905 _aInfantil
999 _c159664
_d159664